000 03041nam a2200421 a 4500
001 ebr10671422
003 CaPaEBR
006 m u
007 cr cn|||||||||
008 090915s2010 nyuad sb 001 0 eng d
010 _z 2009038424
020 _z9781606925003 (hardcover)
020 _z9781613242353 (e-book)
040 _aCaPaEBR
_cCaPaEBR
035 _a(OCoLC)709879656
043 _an-us---
050 1 4 _aUB357
_b.V385 2010eb
082 0 4 _a362.860973
_222
245 0 0 _aVeterans' benefits and care
_h[electronic resource] /
_cMathew H. Bradley, editor.
260 _aHauppauge, N.Y. :
_bNova Science Publishers,
_cc2010.
300 _axv, 280 p. :
_bill.
490 1 _aDefense, security and strategy series
504 _aIncludes bibliographical references and index.
505 0 _aVeterans medical care : FY2009 appropriations / Sidath Viranga Panangala -- Veterans Affairs : the appeal process for veterans' claims / Douglas Reid Weimer -- A brief history of veterans' education benefits and their value / David P. Smole and Shannon S. Loane -- The military survivor benefit plan : a description of its provisions / David F. Burrelli -- Veterans Affairs : benefits for service-connected disabilities / Douglas Reid Weimer -- Disability evaluation of military servicemembers / Christine Scott, Sidath Viranga Panangala, and Charles A. Henning -- Veterans affairs : basic eligibility for disability benefit programs / Douglas Reid Weimer -- Veterans' benefits : pension benefit programs / Carol D. Davis and Christine Scott -- Health care for dependents and survivors of veterans / Sidath Viranga Panangala and Susan Janeczko -- "Wounded warrier" and veterans provisions in the FY2008 National Defense Authorization Act / Sarah A. Lister, Sidath Viranga Panangala, and Christine Scott -- Suicide prevention among veterans / Ramya Sundaraman, Sidath Viranga Panangala, and Sarah A. Lister -- Veterans Affairs : historical budget authority, fiscal years 1940 through 2007 / Christine Scott -- VA health care : facilities have taken action to provide language access services and culturally appropriate care to a diverse veteran population / GAO.
533 _aElectronic reproduction.
_bPalo Alto, Calif. :
_cebrary,
_d2013.
_nAvailable via World Wide Web.
_nAccess may be limited to ebrary affiliated libraries.
610 1 0 _aUnited States.
_bDepartment of Veterans Affairs.
650 0 _aVeterans
_xServices for
_zUnited States.
650 0 _aVeterans
_xLegal status, laws, etc.
_zUnited States.
650 0 _aVeterans
_xMedical care
_zUnited States.
650 0 _aDisabled veterans
_xMedical care
_zUnited States.
650 0 _aMilitary pensions
_zUnited States.
650 0 _aVeterans
_xEducation
_zUnited States.
655 7 _aElectronic books.
_2local
700 1 _aBradley, Mathew H.
710 2 _aebrary, Inc.
830 0 _aDefense, security and strategy series.
856 4 0 _uhttp://site.ebrary.com/lib/rucke/Doc?id=10671422
_zAn electronic book accessible through the World Wide Web; click to view
999 _c62869
_d62869